Fesztiválok hatásának a bemutatása a hazai turizmusban,a Tihanyi Levendula Fesztivál elemzésén keresztül

Bibliographic Details
Main Author: Kimmerné Takaró Viktória
Other Authors: Jusztin dr Márta
Format: Thesis
Kulcsszavak:Fesztiválturizmus
Levendula Fesztivál
Levendula Hetek
Online Access:http://dolgozattar.uni-bge.hu/13059

MARC

LEADER 00000nta a2200000 i 4500
001 dolg13059
005 20180205140046.0
008 171127suuuu hu om 000 hun d
040 |a BGE Dolgozattár Repozitórium  |b hun 
041 |a hu 
100 1 |a Kimmerné Takaró Viktória 
245 1 0 |a Fesztiválok hatásának a bemutatása a hazai turizmusban,a Tihanyi Levendula Fesztivál elemzésén keresztül  |c Kimmerné Takaró Viktória  |h [elektronikus dokumentum] 
695 |a Fesztiválturizmus 
695 |a Levendula Fesztivál 
695 |a Levendula Hetek 
700 1 |a Jusztin dr Márta  |e ths 
856 4 0 |u http://dolgozattar.uni-bge.hu/13059/1/Kimmerne_Takaro_Viktoria_szakdolgozat.pdf  |z Dokumentum-elérés